1702 1604 1416 1264 1055 1917 1542 1370 1674 1600 1082 1988 1856 1612 1427 1422 1410 1816 1400 1558 1463 1630 1438 1690 1755 1665 1244 1542 1924 1414 1372 1479 1862 1609 1375 1718 1641 1844 1348 1191 1823 1940 1507 1165 1635 1781 1416 1790 1555 1540 1566 1769 1605 1285 1145 1055 1331 1033 1476 1268 1780 1117 1309 1474 1306 1795 1272 1077 1175 1831 1839 1288 1881 1007 1522 1467 1325 1497 1491 1499 1986 1668 1857 1134 1108 1353 1851 1115 1964 1088 1400 1787 1139 1361 1255 1427 1153 1498 1841 BCNSPRNW ULIB Ver.6.0+V

เปลี่ยนเป็นภาษาไทย

Change to English
 แสดงรายละเอียดบรรณานุกรม
  กลับหน้าหลัก

Brief Record : Get Marc (ISO 2709) : E-mail record : QR code < ปิดหน้าต่าง
LEADER : 00000nam 2200000uu 4500
001    13399109949
003     ULIB
008    110419s2552||||th 000 0 tha d
020    9789741111015
060 04 WT100^bป525 2552
245 00 ปัญหาสุขภาพที่พบบ่อยในผู้สูงอายุและการป้องกัน /^cประเสริฐอัสสันตชัย, บรรณาธิการ
250    พิมพ์ครั้งที่ 1
260    กรุงเทพฯ :^bภาควิชาเวชศาสตร์ป้องกันและสังคมคณะแพทยศาสตร์ศิริราชพยาบาล มหาวิทยาลัยมหิดล,^c2552
300    ก-ญ, 490 หน้า :^bภาพประกอบ ;^c30 ซม.
500    หนังสือได้รับรางวัลประเภทดี รางวัลตำราศิริราช-มหิดล ปี2552
650  7 ผู้สูงอายุ^xสุขภาพและอนามัย
650  7 ผู้สูงอายุ
650  7 รางวัลตำราศิริราช-มหิดล
653    ผลงานอาจารย์คณะแพทยศาสตร์ศิริราชพยาบาล
700 0  ประเสริฐ อัสสันตชัย,^eบรรณาธิการ
710 2  มหาวิทยาลัยมหิดล. ^bคณะแพทยศาสตร์ศิริราชพยาบาล.^bภาควิชาเวชศาสตร์ป้องกันและสังคม
945    ^p800^l0^i026178
945    ^p800^l0^i026177
945    ^p800^l0^i026176
995    เกษร
999 ^a ใช้งานได้ทุกระบบ
รายการนี้ยังไม่มีแท็ก
คุณยังไม่ได้ล็อกอิน คุณสามารถมีกิจกรรมร่วมกับเว็บไซต์ได้ แต่ต้องล็อกอินก่อน ::
  ล็อกอิน

รายการสื่อสารสนเทศ

ลำดับที่ ประเภท เลขเรียก/บาร์โค้ด สถานที่ สถานะ
- ไม่พบข้อมูล -

รายการใกล้เคียง
    หัวเรื่อง [ผู้สูงอายุ]
    หัวเรื่อง [รางวัลตำราศิริราช-มหิดล]

BibComment


ยังไม่เคยถูกคอมเมนท์

คอมเมนท์ทรัพยากรรายการนี้
  คอมเมนท์: ปัญหาสุขภาพที่พบบ..


 Copyright 2026. Bcnsprnw @Library